000 00789nam a22002055i 4500
001 156549
003 ES-MaACL
005 20250718062545.0
008 020828s1854 fr |||| | fre d
040 _aCCPB | B
_bspa
_cCCPB | B
100 1 _aKant, Immanuel,
_d1724-1804
_9222608
245 1 0 _aPrincipes métaphysiques de la morale /
_cpar Emm. Kant ; avec une introduction et des notes par Joseph Tissot.
250 _a3ème éd. en français
_bcorr. et augm. ... du mème auteur.
260 _aParis :
_blibrairie philosophique de Ladrange,
_c1854 (
_eOrléans :
_fimprimerie de Coignet-Darnault)
300 _aLVII, 475 p. ;
_c21 cm.
650 7 _aÉtica
_2embne
_912577
700 1 _aTissot, Joseph.
_9133276
852 _aES-MaACL
_jF-7395
_z-- Enc. hol.
999 _c156549
_d156549